[Event "IECG OP.2006.0.00052"]
[Site "IECG email"]
[Date "2006.05.24"]
[Round "?"]
[White "Keber, Abel"]
[Black "Schoenbuchner, Gerhard"]
[Result "0-1"]
[WhiteElo "800"]
[BlackElo "2008"]
[PlyCount "43"]
[EventDate "2006.05.24"]
[EventType "tourn (corr)"]
[EventRounds "6"]
[SourceTitle "Corr 2008"]
[Source "ChessBase"]
[SourceDate "2008.06.24"]
[SourceVersion "1"]
[SourceVersionDate "2008.06.24"]
[SourceQuality "1"]

1. e4 e5 2. Nf3 Nc6 3. Bc4 d6 4. 0-0 Bg4 5. c3 Qd7 6. d4 exd4 7. cxd4 Bxf3 8. gxf3 0-0-0 9. Nc3 h5 10. Bf4 f6 11. a4 g5 12. Be3 g4 13. Nd5 Nce7 14. b4 c6 15. Nxe7+ Nxe7 16. b5 Bh6 17. f4 d5 18. exd5 Nxd5 19. Qd2 Nxe3 20. fxe3 h4 21. f5 Kb8 22. Be6 0-1